Statistics for European Geography By Letter - H

Click here to take the quiz!

General Stats

  • This quiz has been taken 44,621 times
    (14,160 since last reset)
  • The average score is 13 of 20

Answer Stats

Clue Answer % Correct
Capital of FinlandHelsinki
99%
London's main airportHeathrow
95%
Germany's second-largest cityHamburg
93%
Netherlands region often confused
with the country as a whole
Holland
91%
Landlocked countryHungary
89%
Bosnia and __________Herzegovina
88%
City home to the government of
the Netherlands
The Hague
85%
Roman wall built to keep out Picts{Hadrian}'s Wall
79%
Park in London where
Speakers' Corner can be found
Hyde Park
66%
Mountainous region of ScotlandHighlands
66%
Where William the Conqueror
defeated Harold in 1066
Hastings
63%
Byzantine church that is a major
landmark in Istanbul
Hagia Sophia
57%
Scottish archipelago of 100+ islands,
inner and outer
Hebrides
56%
German state that Hessians come fromHesse
48%
River in Yorkshire and the
"king's town" that sits upon it
Hull
46%
Britain's royal family originally came
from this city in Lower Saxony
Hannover
44%
The counties surrounding London{Home} Counties
39%
Croatia in CroatianHrvatska
36%
Capital of CreteHeraklion
35%
Art museum in St. PetersburgHermitage
34%

Score Distribution

Percentile by Number Answered

Percent of People with Each Score

Your Score History

You have not taken this quiz since the last reset